| 000 | 00583cam a2200169 4500 | ||
|---|---|---|---|
| 008 | 000000n2000 000 0 eng u | ||
| 035 | _a(Sirsi) u107260 | ||
| 245 | _aHouse prices stabilising | ||
| 260 | _c2000 | ||
| 490 |
_aRICS Press Release _v(pr086) 20 July 2000, (2) |
||
| 520 | _aThe nationwide boom in house prices has finally come to an end according to the latest Housing Market Survey from the RICS. | ||
| 590 | _aWB | ||
| 650 | _aHOUSE PRICES | ||
| 650 | _aHOUSING MARKET SURVEYS | ||
| 690 | _aPROPERTY-RESIDENTIAL PROPERTY-RESIDENTIAL PROPERTY MARKET | ||
| 942 | _n0 | ||
| 999 |
_c64125 _d64125 |
||